Liverpool law review

Detalles Bibliográficos
Formato: Electrónico Revista
Lenguaje:inglés
Publicado: [Liverpool, Eng.] : Liverpool Polytechnic Press, 1979-
[Dordrecht] : Kluwer Academic Publishers
[Dordrecht] : Springer Netherlands
Materias:
Acceso en línea:Full text available from Research Library: 03/01/1997 to 1 year ago

MARC

LEADER 00000nas a2200000 a 4500
001 ssj0009811
003 WaSeSS
005 20200512172242.0
006 m d
007 cr n
008 001002c19799999ne tx p sg 0 0eng c
010 |a  2008233017 
016 7 |a 2017896-7  |2 DE-600 
022 |a 1572-8625  |l 0144-932X  |y 0144-932X 
030 |a LLAREH 
035 |a (WaSeSS)ssj0009811 
037 |b Kluwer Academic Publishers, Spuiboulevard 50, P.O. Box 17, 3300 AA Dordrecht, The Netherlands 
040 |a F#A  |b eng  |c F#A  |d OCLCQ  |d GUA  |d YUS  |d QCL  |d U9S  |d MYG  |d OCLCQ  |d OCLCO  |d OCLCF  |d OCLCQ  |d EZC  |d AU@  |d VT2  |d DLC  |d NJT  |d OCL  |d WaSeSS 
042 |a pcc 
043 |a e-uk--- 
050 0 0 |a K12 
082 0 4 |a 349.41 
130 0 |a Liverpool law review (Online) 
245 1 0 |a Liverpool law review  |h [electronic resource]. 
260 |a [Liverpool, Eng.] :  |b Liverpool Polytechnic Press,  |c 1979- 
260 2 |3 <1999-2004> :  |a [Dordrecht] :  |b Kluwer Academic Publishers 
260 3 |3 <2005-> :  |a [Dordrecht] :  |b Springer Netherlands 
310 |a Three times a year 
362 1 |a Print began with vol. 1, 1 (autumn 1979). 
506 |a License restrictions may limit access. 
515 |a Some issues combined. 
588 |a Description based on: Vol. 5, no. 1 (Mar. 1983); title from journal information screen (SpringerLink, viewed Nov. 3, 2009). 
588 |a Latest issue consulted: Vol. 39, issues 1-2 (July 2018) (Springer Netherlands, viewed Apr. 23, 2019). 
650 0 |a Law  |z Great Britain  |v Periodicals. 
650 0 |a Law reviews  |z Great Britain. 
650 6 |a Droit  |z Grande-Bretagne  |v Périodiques. 
650 7 |a Law reviews.  |2 fast  |0 (OCoLC)fst00994120 
650 7 |a Law.  |2 fast  |0 (OCoLC)fst00993678 
651 7 |a Great Britain.  |2 fast  |0 (OCoLC)fst01204623 
655 0 |a Electronic journals. 
776 0 8 |i Print version:  |t Liverpool law review  |x 0144-932X  |w (DLC) 81649862  |w (OCoLC)6767704 
850 |a DLC 
856 4 0 |z Full text available from Research Library: 03/01/1997 to 1 year ago  |u https://search.proquest.com/publication/326283